01963nam a22002775i 45000010009000000050017000090080041000260100017000670200031000840200026001150200027001410350013001680400023001810420008002040820010002121000041002222450057002632630009003202640045003293360026003743370028004003380027004284900020004555201136004758560074016112187345820260606142658.0210119s2021 cau 000 0 eng  a 2021931020 a9789353887506q(paperback) z9789353887513q(epub) z9789353887520q(ebook) a21873458 aDLCbengerdacDLC apcc a152.41 aPurushothaman, Rajagopalan,eauthor.10aEmotional intelligence /cRajagopalan Purushothaman. a2102 1aThousand Oaks :bSAGE Publishing,c2021. atextbtxt2rdacontent aunmediatedbn2rdamedia avolumebnc2rdacarrier0 aSage essentials a"In the digital world, the significance of emotional intelligence (EI) will gain further importance as technologies such as artificial intelligence (AI) and automation partly or fully replace human intervention. Humans will be valued by their unique characteristics and skills in the digital world. There is no doubt that EI is one of the differentiating future competencies in Industry 4.0. The book helps in understanding each component of EI along with its meaning, significance and application in our professional and personal lives. It talks about the five main elements of EI, namely self-awareness, self-regulation, self-motivation, empathy and social skills that allow us to escape from the ordinary. The necessary foundation for building EI is based on the three main components of mindfulness, resilience and compassion, which are also discussed in the book. It further provides steps for driving with EI and is filled with EI self-assessment tools and exercises. Emotional Intelligence shares the recipe for lifelong health, good relationships, professional and personal success, and happiness"--cProvided by publisher. uhttps://sk.sagepub.com/books/emotional-intelligenceyRead SAGE E-Book